000 01410nam0a22004691 4500
001 RU\NLR\A1SV\4480
005 20260406091044.0
035 _a(NLR Aleph) 009690442
090 _a9733856
_c9733856
100 _a19980313d1922 u y0rusy50 ca
101 0 _arus
102 _aRU
200 1 _aСтереотипное дело
_eСправ. книжка для стереотиперов и типографщиков
_fСост. В.И.Анисимов
210 _aПб.
_cГос. изд-во
_d1922
215 _a163, [2] с.
_cил., черт.
_d25 см
320 _aБиблиогр.: с.8
620 _dСанкт-Петербург
700 1 _4070
_7ca
_8rus
_aАнисимов
_bВ. И.
_cполиграфист, историк книги
_f1870-1932
_gВладимир Ильич
_3RU\NLR\AUTH\770281614
_92653581
801 0 _aRU
_bNLR
_c19980313
899 _aРНБ
_j17.139.2.14
899 _aРГБ
899 _aРКП
899 _aГАРФ
899 _aИОГУНБ
899 _aБАН
899 _aКирОУНБ
899 _aМГУ
899 _aНБЛ КГУ
899 _aHU
899 _aГПИБ
899 _aCSUG
899 _aЗНБ СГУ
899 _aКУНБ
899 _aСПбГУ
899 _aСПбГИК
899 _aНБ Эрм.
899 _aУОНБ
942 _cBOOK
980 _aNB
980 _aA1SV
980 _aA1SV